| 000 | 00617nam a2200229Ia 4500 | ||
|---|---|---|---|
| 003 | 0100 | ||
| 008 | 130303s9999 xx 000 0 und d | ||
| 020 | _a0867209518 | ||
| 040 | _cARRUPELIB | ||
| 050 | _aGE42.E58 1994 | ||
| 245 | _aEnvironmental ethics | ||
| 245 | _breadings in theory and application | ||
| 260 | _aBoston | ||
| 260 | _bJones and Bartlett Publishers | ||
| 260 | _C1994 | ||
| 300 | _axvi | ||
| 300 | _b 503p. 25cm. | ||
| 650 | _bEnglish literature - History and criticism | ||
| 650 | _cAmerican literature - History and criticism | ||
| 700 | _aPojman, Louis P. ed. | ||
| 942 |
_2lcc _03 |
||
| 999 |
_c58758 _d58758 |
||